<?xml version="1.0" encoding="UTF-8"?><?xml-stylesheet type="text/xsl" href="static/style.xsl"?><OAI-PMH xmlns="http://www.openarchives.org/OAI/2.0/" xmlns:xsi="http://www.w3.org/2001/XMLSchema-instance" xsi:schemaLocation="http://www.openarchives.org/OAI/2.0/ http://www.openarchives.org/OAI/2.0/OAI-PMH.xsd"><responseDate>2026-04-14T06:04:49Z</responseDate><request verb="GetRecord" identifier="oai:www.recercat.cat:2445/225345" metadataPrefix="marc">https://recercat.cat/oai/request</request><GetRecord><record><header><identifier>oai:recercat.cat:2445/225345</identifier><datestamp>2026-04-08T13:15:56Z</datestamp><setSpec>com_2072_1057</setSpec><setSpec>col_2072_478819</setSpec><setSpec>col_2072_478917</setSpec></header><metadata><record xmlns="http://www.loc.gov/MARC21/slim" xmlns:dcterms="http://purl.org/dc/terms/" xmlns:xsi="http://www.w3.org/2001/XMLSchema-instance" xmlns:doc="http://www.lyncode.com/xoai" xsi:schemaLocation="http://www.loc.gov/MARC21/slim http://www.loc.gov/standards/marcxml/schema/MARC21slim.xsd">
   <leader>00925njm 22002777a 4500</leader>
   <datafield ind2=" " ind1=" " tag="042">
      <subfield code="a">dc</subfield>
   </datafield>
   <datafield ind2=" " ind1=" " tag="720">
      <subfield code="a">Gilabert, Gaston</subfield>
      <subfield code="e">author</subfield>
   </datafield>
   <datafield ind2=" " ind1=" " tag="260">
      <subfield code="c">2026-01-12T19:03:47Z</subfield>
   </datafield>
   <datafield ind2=" " ind1=" " tag="260">
      <subfield code="c">2026-01-12T19:03:47Z</subfield>
   </datafield>
   <datafield ind2=" " ind1=" " tag="260">
      <subfield code="c">2023-04-01</subfield>
   </datafield>
   <datafield ind2=" " ind1=" " tag="260">
      <subfield code="c">2026-01-12T19:03:47Z</subfield>
   </datafield>
   <datafield ind2=" " ind1=" " tag="520">
      <subfield code="a">Les comèdies hagiogràfiques de filiació barroca escrites a Mallorca durant el segle XVIII han rebut poca atenció crítica i sovint amb edicions que necessiten ser actualitzades a la llum dels nous avenços en la matèria. En aquest estudi s’analitza la Comèdia gloriosa del famós sant Caietano, escrita per Albert Borguny a partir de l’edició de Ramon Díaz i Villalonga (1997), tenint en consideració el seu aparat de variants, les divergències entre manuscrits i, sobretot, el vincle amb la comèdia castellana anterior: Vida y muerte de san Cayetano. Havent localitzat prèviament tots els exemplars de tots els testimonis de la font castellana, hem analitzat llurs loci critici a la llum del text en català i hem acarat les versions per solucionar lliçons fosques transmeses pels manuscrits que contenen l’obra dramàtica de Borguny. Aquestes operacions revelen trets plenament originals de l’escriptor mallorquí, a més d’un conjunt de noves dades que omplen diverses llacunes crítiques i que, en definitiva, permeten  revisar i restaurar una peça singular del patrimoni teatral antic en llengua catalana.</subfield>
   </datafield>
   <datafield tag="653" ind2=" " ind1=" ">
      <subfield code="a">Teatre castellà</subfield>
   </datafield>
   <datafield tag="653" ind2=" " ind1=" ">
      <subfield code="a">Hagiografia</subfield>
   </datafield>
   <datafield tag="653" ind2=" " ind1=" ">
      <subfield code="a">Traduccions</subfield>
   </datafield>
   <datafield tag="653" ind2=" " ind1=" ">
      <subfield code="a">Català</subfield>
   </datafield>
   <datafield tag="653" ind2=" " ind1=" ">
      <subfield code="a">Spanish drama</subfield>
   </datafield>
   <datafield tag="653" ind2=" " ind1=" ">
      <subfield code="a">Hagiography</subfield>
   </datafield>
   <datafield tag="653" ind2=" " ind1=" ">
      <subfield code="a">Translations</subfield>
   </datafield>
   <datafield tag="653" ind2=" " ind1=" ">
      <subfield code="a">Catalan language</subfield>
   </datafield>
   <datafield ind2="0" ind1="0" tag="245">
      <subfield code="a">La comèdia hagiogràfica del Siglo de Oro reescrita en català: nous problemes textuals al teatre d’Albert Borguny</subfield>
   </datafield>
</record></metadata></record></GetRecord></OAI-PMH>